DC comics and their Marvel counterpart - Statistics

General Stats
  • This quiz has been taken 1,498 times
  • The average score is 24 of 72
Answer Stats
Hint Answer % Correct
Green Arrow Hawkeye
98%
The Flash Quicksilver
90%
Atom Ant Man
86%
Deathstroke Deadpool
86%
Batman Iron Man
77%
Aquaman Namor
77%
Justice Society of America Avengers
70%
Doctor Fate Doctor Strange
70%
Catwoman Black Cat
69%
Black Canary Black Widow
64%
Solomon Grundy Hulk
63%
Superman Thor
61%
Hourman Captain America
60%
Darkseid/Metron Thanos
60%
Bumblebee Wasp
59%
Shazam Captain Marvel
58%
Swamp Thing Man Thing
54%
Zatanna Scarlet Witch
54%
Batman/Superman Spiderman
53%
Plastic Man/Elongated Man Mr Fantastic
50%
Red Tornado Vision
50%
Doom Patrol X-Men
48%
Clayface Sandman
47%
Timber Wolf Wolverine
45%
Teen Titans/Young Justice Young Avengers
43%
Doctor Polaris Magneto
42%
Death Death
41%
Robin/Red Hood Bucky Barnes
39%
Hercules Hercules
38%
Ares Ares
37%
Deadshot Bullseye
36%
Zeus Zeus
36%
Brainiac Ultron
35%
Moon Knight Black Panther
32%
Doctor Mid-nite Daredevil
32%
Killer Croc Lizard
32%
Mary Marvel Ms Marvel
30%
Doctor Manhattan Sentry
28%
Challengers of the Unknown Fantastic Four
27%
Hawkman Angel
26%
Lucifer Mephisto
25%
Suicide Squad Thunderbolts
23%
Lex Luthor Doctor Doom
22%
Kallark Hyperion
22%
Green Lantern/Doctor Spectrum Nova
22%
Imperiex Galactus
20%
Big Barda Gamora
20%
Brotherhood of Evil Brotherhood of Evil Mutants
14%
Cyborg Deathlok
14%
Cheshire Elektra
14%
Scarecrow Scarecrow
13%
Detective Chimp Howard the Duck
12%
Injustice Society/Crime Syndicate America Masters of Evil
10%
The Presence One Above All
10%
Blue Beetle Beetle
9%
Spectre Living Tribunal
9%
Mr Mxyzptlk Impossible Man
8%
Icon Blue Marvel
7%
Siryn Mockingbird
7%
KGBeast Omega Red
7%
Orion Drax the Destroyer
6%
Wonder Woman Power Princess
6%
Justice League of America Squadron Supreme
5%
Legion of Superheroes Imperial Guard
3%
Captain Atom Molecule Man
3%
John Constantine Pete Wisdom
3%
Dinosaur Island Savage Lands
3%
Phantom Stranger Stranger
3%
Sgt, Rocky and Easy Company Sgt. Fury and his Howling Commandos
2%
Martian Manhunter Skrullian Skymaster
2%
Lobo Dirty Wollf
1%
Legion of Supervillains Starforce
1%
No matching quizzes found
Score Distribution
Percent of People with Each Score
Percentile by Number Answered
Your Score History
You have not taken this quiz